| 000 | 00621nam a2200157 i 4500 | ||
|---|---|---|---|
| 001 | 60674 | ||
| 003 | ES-MaACL | ||
| 005 | 20230906164301.0 | ||
| 007 | t| | ||
| 008 | 031105s1934 sp ||||1| spa d | ||
| 245 | 0 | 0 |
_aEstadística del paro obrero involuntario en el 2º semestre de 1933 / _cMinisterio de Trabajo, Sanidad y Previsión Social, Oficina Central de Colocación y Defensa contra el Paro. |
| 260 |
_aMadrid : _b[s.n., _c1934] ( _fSobrinos de los Suc. de M. Minuesa) |
||
| 300 |
_a173 p. ; _c24 cm. |
||
| 710 | 1 |
_aEspaña. _bMinisterio de Trabajo, Sanidad y Previsión Social. _93929 |
|
| 852 |
_aES-MaACL _jC-7227 |
||
| 999 |
_c60674 _d60674 |
||